Central Library OPAC University of Rajshahi

Currents, fields, and particles / (Record no. 9231)

MARC details
000 -LEADER
fixed length control field 01045nam a22002891 4500
001 - CONTROL NUMBER
control field 9231
003 - CONTROL NUMBER IDENTIFIER
rucl marc code BD-RjUL
005 - DATE AND TIME OF LATEST TRANSACTION
control field 20211208234736.0
008 - FIXED-LENGTH DATA ELEMENTS--GENERAL INFORMATION
fixed length control field 140120r1957 maua 001 0 eng
035 ## - SYSTEM CONTROL NUMBER
System control number (BD-RjUL)9276
040 ## - CATALOGING SOURCE
Original cataloging agency DLC/ICU
Transcribing agency ICU
Modifying agency DLC
-- BD-RjUL
Language of cataloging eng
041 ## - LANGUAGE CODE
Language code of text/sound track or separate title eng
082 00 - DEWEY DECIMAL CLASSIFICATION NUMBER
Classification number 537.6
Author mark and year BIC 1957
100 1# - MAIN ENTRY--PERSONAL NAME
Personal name Bitter, Francis,
Dates associated with a name 1902-1967.
9 (RLIN) 28067
245 10 - TITLE STATEMENT
Title Currents, fields, and particles /
Statement of responsibility, etc. Francis Bitter
260 ## - PUBLICATION, DISTRIBUTION, ETC. (IMPRINT)
Place of publication, distribution, etc. Cambridge :
Name of publisher, distributor, etc. Published jointly by the Technology Press of Massachusetts Institute of Technology, and Wiley, New York ,
Date of publication, distribution, etc. c1956 [3rd. pri. 1957].
300 ## - PHYSICAL DESCRIPTION
Pagination xiv, 599 p. :
Illustrations illus. ;
Size 23 cm.
500 ## - GENERAL NOTE
General note Later ed. by F. Bitter and H. Medicus published in 1973 under title: Fields and particles.
504 ## - BIBLIOGRAPHY, ETC. NOTE
Bibliography, etc Includes index.
650 #0 - SUBJECT ADDED ENTRY--TOPICAL TERM
Topical term or geographic name as entry element Electric currents.
9 (RLIN) 27773
Topical term or geographic name as entry element Electromagnetism.
9 (RLIN) 401
Topical term or geographic name as entry element Nuclear physics.
9 (RLIN) 28642
942 ## - ADDED ENTRY ELEMENTS (KOHA)
Source of classification or shelving scheme Dewey Decimal Classification
Koha item type Books
Holdings
Lost status Source of classification or shelving scheme Damaged status Not for loan Collection code Permanent Location Current Location Shelving location Date acquired Source of acquisition Total Checkouts Full call number Date last seen Copy number Koha item type
  Dewey Decimal Classification   Not For Loan Non-fiction Central Library, University of Rajshahi Central Library, University of Rajshahi Reading Room 22/09/1964 Australia   537.6 BIC 1957 20/01/2014 C-1 Books